书目信息 |
| 题名: |
新时期绿色建筑理念与其实践应用研究
|
|
| 作者: | 王禹 , 高明 著 | |
| 分册: | ||
| 出版信息: | 北京 中国原子能出版社 2019 |
|
| 页数: | 250页 | |
| 开本: | 24cm | |
| 丛书名: | ||
| 单 册: | ||
| 中图分类: | TU18 | |
| 科图分类: | ||
| 主题词: | 生态建筑--sheng tai jian zhu--研究 | |
| 电子资源: | ||
| ISBN: | 978-7-5022-9070-2 | |
| 000 | 00982nam0 2200277 450 | |
| 001 | 012001002916 | |
| 005 | 20140126083422.0 | |
| 010 | @a978-7-5022-9070-2@dCNY64.00 | |
| 099 | @aCAL 012019046162 | |
| 100 | @a20190410d2019 ekmy0chiy50 ea | |
| 101 | 0 | @achi |
| 102 | @aCN@b110000 | |
| 105 | @aak a 000yy | |
| 106 | @ar | |
| 200 | 1 | @a新时期绿色建筑理念与其实践应用研究@Axin shi qi lv se jian zhu li nian yu qi shi jian ying yong yan jiu@f王禹, 高明著 |
| 210 | @a北京@c中国原子能出版社@d2019 | |
| 215 | @a250页@c图@d24cm | |
| 320 | @a有书目 (第246-249页) | |
| 330 | @a本书共分六章,内容包括:绿色建筑的概念及发展状况、绿色建筑节能设计概论、绿色建筑与节能、绿色建筑技术与应用、绿色建筑的设计实践、绿色建筑的管理及施工与控制。 | |
| 333 | @a生态建筑研究人员 | |
| 606 | 0 | @a生态建筑@Asheng tai jian zhu@x研究 |
| 690 | @aTU18@v5 | |
| 701 | 0 | @a王禹@Awang yu@4著 |
| 701 | 0 | @a高明@Agao ming@4著 |
| 801 | 0 | @aCN@b北京卓展@c20191020 |
| 905 | @b1204745-6@dTU18@e1597@f2 | |
| 新时期绿色建筑理念与其实践应用研究/王禹, 高明著.-北京:中国原子能出版社,2019 |
| 250页:图;24cm |
| 使用对象:生态建筑研究人员 |
| ISBN 978-7-5022-9070-2:CNY64.00 |
| 本书共分六章,内容包括:绿色建筑的概念及发展状况、绿色建筑节能设计概论、绿色建筑与节能、绿色建筑技术与应用、绿色建筑的设计实践、绿色建筑的管理及施工与控制。 |
| ● |
| 相关链接 |
|
|
|
|
正题名:新时期绿色建筑理念与其实践应用研究
索取号:TU18/1597
 
预约/预借
| 序号 | 登录号 | 条形码 | 馆藏地/架位号 | 状态 | 备注 |
| 1 | 1204745 | 212047453 | 第二样本阅览室/ [索取号:TU18/1597] | 在馆 | |
| 2 | 1204746 | 212047462 | 第三借阅区/ [索取号:TU18/1597] | 在馆 |